Tiềm năng, thực trạng và giải pháp phát triển sản phẩm lưu niệm du lịch đặc trưng tại thành phố Đà Nẵng
Cở sở lí luận và thực tiễn. Tiềm năng, thực trạng phát triển sản phẩm lưu niệm du lịch đặc trưng tại Đà Nẵng. Giải pháp phát triển sản phẩm lưu niệm du lịch đặc trưng tại Đà Nẵng.
Spremljeno u:
| Glavni autor: | |
|---|---|
| Daljnji autori: | |
| Format: | Knjiga |
| Jezik: | Vietnamese |
| Izdano: |
Đà Nẵng
Đại học Sư phạm, Đại học Đà Nẵng
2013
|
| Teme: | |
| Oznake: |
Dodaj oznaku
Bez oznaka, Budi prvi tko označuje ovaj zapis!
|
| Thư viện lưu trữ: | Mạng thư viện Đại học Đà Nẵng |
|---|
| LEADER | 01748nam a2200349 4500 | ||
|---|---|---|---|
| 001 | 000019108 | ||
| 003 | 15543 | ||
| 005 | 20140320150346.0 | ||
| 008 | 140317s2013 viesd | ||
| 041 | |a vie | ||
| 072 | |a VNH | ||
| 082 | 1 | 4 | |a 915.975104 |b TR-T |
| 100 | 1 | |a Trương Thị Thanh Tâm | |
| 245 | 1 | 0 | |a Tiềm năng, thực trạng và giải pháp phát triển sản phẩm lưu niệm du lịch đặc trưng tại thành phố Đà Nẵng |c Trương Thị Thanh Tâm ; Trần Thị Mai An hướng dẫn |k Khóa luận tốt nghiệp |
| 260 | |a Đà Nẵng |b Đại học Sư phạm, Đại học Đà Nẵng |c 2013 | ||
| 300 | |a 72 tr., phụ lục 7 tr. |b Hình mh. |c 29 cm. | ||
| 500 | |a Khóa luận tốt nghiệp đại học. Chuyên ngành: Cử nhân Việt Nam học | ||
| 520 | |a Cở sở lí luận và thực tiễn. Tiềm năng, thực trạng phát triển sản phẩm lưu niệm du lịch đặc trưng tại Đà Nẵng. Giải pháp phát triển sản phẩm lưu niệm du lịch đặc trưng tại Đà Nẵng. | ||
| 650 | 0 | 4 | |a Sản phẩm du lịch |v Khóa luận tốt nghiệp |x Nghiên cứu |z Đà Nẵng |
| 653 | |a Sản phẩm du lịch | ||
| 653 | |a Khoa Lịch sử | ||
| 700 | 1 | |a Trần Thị Mai An |e Hướng dẫn | |
| OWN | |a LSP | ||
| AVA | |a UDN50 |b LSP |d 915.975104 TR-T |e available |t Error 5001 Not defined in file expand_doc_bib_avail. |f 1 |g 0 |h N |i 0 |k 1 | ||
| 999 | |a From the UDN01 | ||
| AVA | |a UDN50 |b LSP |d 915.975104 TR-T |e available |t Error 5001 Not defined in file expand_doc_bib_avail. |f 1 |g 0 |h N |i 0 |k 1 | ||
| TYP | |a Monograph | ||
| TYP | |a Printed language | ||
| 980 | |a Mạng thư viện Đại học Đà Nẵng | ||